000 00474nam a2200205Ia 4500
003 0100
008 130227s9999 xx 000 0 und d
020 _a019875194X
040 _cARRUPELIB
050 _aBL51.P568 2000
245 _aphilosophy of religion
245 _ba guide and anthology
260 _aOxford
260 _bOxford University Press
260 _C2000
300 _axxiv
300 _b 754p 25cm
700 _aDavies, Brian (ed)
942 _2lcc
_06
999 _c698
_d698